Quick Pick: Red or Green? Quiz Stats

 Plays Quiz Updated Nov 15, 2017

Challenge
Share
Tweet
Embed
Score 0/7 Timer 01:00
0 Plays Today
% Correct
Cherry
98.8%
Crimson
97.3%
Scarlet
96.6%
Maroon
96.2%
Magenta
94.3%
Rubicund
80.8%
Incarnadine
64%

Today's Daily Dose

You're not logged in!

Compare scores with friends on all Sporcle quizzes.
OR
Log In

You Might Also Like...

Show Comments

Extras

Top Quizzes Today


Score Distribution

Your Account Isn't Verified!

In order to create a playlist on Sporcle, you need to verify the email address you used during registration. Go to your Sporcle Settings to finish the process.

Report this User

Report this user for behavior that violates our Community Guidelines.

Details: